000
00349nam a2200157Ia 4500
003
0STCL
008
150530s9999 xx 000 0 und d
040
_a
STCL
_c
STCL
100
_a
Bertolt Brecht
245
_a
Threepenny opera vol-2 part-2
260
_c
1979
546
_a
English
942
_2
ddc
_c
BK
999
_c
56349
_d
56349
005
20220125171007.0